000 02516nab a2200277 i 4500
003 BR-BrBNA
005 20240214115553.0
008 240214b2000 bl.fr|p|oa||| 00| 0 eng |
040 _aBR-BrBNA
_beng
072 _aF02
100 _aPereira, Ana Maria S.
100 _aBertoni, Bianca W.
100 _aMoraes, Rita M.
100 _aFrança, Suzelei C.
245 _aMicropropagation of Salix humbo/dtiana Hild.
500 _aPublicação on-line; 11 ref.; 1 illus.; 3 tables; Summaries (En, Pt)
520 _a RESUMO: Um protocolo de micropropagaçào visando a produção em larga escala de Salix humboldtiana Hild. foi desenvolvido usando duas fontes de explantes, derivados de plantas adultas e de plantas jovens clonadas. Tanto a proliferação de brotos como a indução de raízes foram influenciadas pela fonte de explante usada. Maior índice de brotaçâo íoi obtido em meio MS suplementado com 2.3 pM de cinetina, enquanto que o meio MS com a concentração de macronutrientes reduzida ao meio (MS/2) adicionado com 5.3 jiM ANA propiciou o enraizamento. Durante o processo de aclimatação, irrigação com solução de ampicilina 0,005% (v/v) foi essencial para a sobrevivência das planlas. Palavras chave - cultura de tecido, Salix humboldtiana Hild., salgueiro, plantas medicinais
520 _a ABSTRACT: Micropropagation of Salix humboldtiana Hild.. A micropropagation protocol for large scale production of Saltx humboldtiana Hild. was carried out using both, explants excised from adult plants and from cloned plantlets. Either shoot proliferation or root induction were influenced by the source of explant used. MS medium supplemented with 2,3 pM kinetin enhanced shoot production while half-strength MS medium added with 5.3 pM NAA enhanced rooting. During the acclimatization process, irrigation with 0.005% (v/v) ampicillin solution was essential for plant maintenance. Key words: Tissue culture, Salix humboldtiana Hild., willow species, salgueiro, medicinal plants
650 _aCULTURA DE TECIDO
650 _aSALIX HUMBOLDTIANA
650 _aPLANTA MEDICINAL
773 0 _03543
_913657
_dBotucatu-SP Instituto de Biociências - Departamento de Química e Bioquímica 1998
_o2023-29682
_tRevista Brasileira de Plantas Medicinais (Brazil)
_x1516-0572
_gv. 2(2) p. 17-21; (2000)
_wBR2024000011
856 _uhttps://www.sbpmed.org.br/admin/files/papers/file_o7KbMEfuGPth.pdf
942 _cAnalítica
999 _c298490
_d298490